Normal view MARC view
  • Gilmore, Charles M.

Entry Personal Name

Number of records used in: 6

001 - CONTROL NUMBER

  • control field: 19157

003 - CONTROL NUMBER IDENTIFIER

  • control field: NUST

005 - DATE AND TIME OF LATEST TRANSACTION

  • control field: 20190807050746.0

008 - FIXED-LENGTH DATA ELEMENTS

  • fixed length control field: 190807|| aca||aabn | a|a d

040 ## - CATALOGING SOURCE

  • Original cataloging agency: NUST
  • Transcribing agency: NUST

100 ## - HEADING--PERSONAL NAME

  • Personal name: Gilmore, Charles M.

670 ## - SOURCE DATA FOUND

  • Source citation: Work cat.: (NUST)0: Gilmore, Charles M., MATERIALS SCIENCE AND ENGINEERING PROPERTIES /
© 2023 Central Library, National University of Sciences and Technology. All Rights Reserved.